| 000 | 00951cad a22002055a 4500 | ||
|---|---|---|---|
| 001 | E150455 | ||
| 008 | 100715e20100706xxk 000 0 eng d | ||
| 035 | _a(Sirsi) u150455 | ||
| 041 | 0 | _aeng | |
| 110 | 2 |
_aHomes and Communities Agency _95688 |
|
| 245 | 0 | 0 |
_aFunding for the HCA announced _h[electronic resource] |
| 260 | _c2010 | ||
| 490 |
_aHCA Briefing Note _v6 July 2010 |
||
| 520 | _aConfirms that HCA will receive £390m Government funding, in addition to £170m announced on 24 May 2010. The money will be used to create new affordable housing, and to support the Decent Homes and Mortgage Rescue initiatives. | ||
| 590 | _aKA | ||
| 651 | 4 |
_aEngland _y886- |
|
| 690 | _aPROPERTY-RESIDENTIAL PROPERTY-DOMESTIC RESIDENTIAL PROPERTY-HOUSING | ||
| 856 | 4 | 0 |
_uhttps://www.homesandcommunities.co.uk/public/documents/HCA_briefing_note_6_July_2010.pdf _zView the briefing note free of charge (PDF file) at www.homesandcommunities.co.uk |
| 942 | _n0 | ||
| 999 |
_c82516 _d82516 |
||